| 000 | 00461nam a2200157 4500 | ||
|---|---|---|---|
| 001 | 137786 | ||
| 003 | ES-MaACL | ||
| 007 | t| | ||
| 008 | 070214s1967 sp r ||||1| spa d | ||
| 100 | 1 |
_aSalinas Bellver, Salvador. _9101947 |
|
| 245 | 1 | 0 |
_aAtlas de Geografía Universal / _cpor Salvador Salinas Bellver. |
| 250 | _a38ª ed. | ||
| 260 |
_aMadrid : _bSalinas, _c1967 ( _fS. Rafael) |
||
| 300 |
_a72 map. col. ; _c34 cm. |
||
| 852 |
_aES-MaACL _jB-2912 _bR.67576 |
||
| 999 |
_c137786 _d137786 |
||